The Walking Dead Cast Members with the *ALSO* starring role - Statistics

General Stats
  • This quiz has been taken 12 times
    7 since last reset
  • The average score is 40 of 194
Answer Stats
Answer % Correct
Norman Reedus
86%
Michael Rooker
71%
Alanna Masterson
43%
David Morrissey
43%
Emily Kinney
43%
IronE Singleton
43%
Lauren Cohan
43%
Melissa McBride
43%
Michael Cudlitz
43%
Ross Marquand
43%
Samantha Morton
43%
Steven Ogg
43%
Andrew J. West
29%
Angel Theory
29%
Austin Abrams
29%
Austin Amelio
29%
Austin Nichols
29%
Brett Butler
29%
Cailey Fleming
29%
Callan McAuliffe
29%
Cassady McClincy
29%
Chad Coleman
29%
Christian Serratos
29%
Cooper Andrews
29%
Corey Hawkins
29%
Dan Fogler
29%
Eleanor Matsuura
29%
Elizabeth Ludlow
29%
Enver Gjokaj
29%
Hilarie Burton Morgan
29%
Jason Douglas
29%
John Carroll Lynch
29%
Josh Hamilton
29%
Josh McDermitt
29%
Joshua Mikel
29%
Juan Pareja
29%
Karl Makinen
29%
Katelyn Nacon
29%
Keisha Castle-Hughes
29%
Kenric Green
29%
Khary Payton
29%
Kirk Acevedo
29%
Laila Robins
29%
Lauren Ridloff
29%
Lawrence Gilliard Jr.
29%
Lennie James
29%
Lynn Collins
29%
Macsen Lintz
29%
Madison Lintz
29%
Matt Lintz
29%
Michael James Shaw
29%
Michael Raymond James
29%
Nadia Hilker
29%
Noah Emmerich
29%
Paola Lázaro
29%
Pruitt Taylor Vince
29%
Rhys Coiro
29%
Ritchie Coster
29%
Rutina Wesley
29%
Ryan Hurst
29%
Scott Wilson
29%
Seth Gilliam
29%
Sonequa Martin-Green
29%
Steve Kazee
29%
Sydney Park
29%
Taylor Nichols
29%
Thora Birch
29%
Tom Payne
29%
Tovah Feldshuh
29%
Tyler James Williams
29%
Xander Berkeley
29%
Zach McGowan
29%
Aldis Hodge
14%
Alexandra Breckenridge
14%
Alexa Nikolas
14%
Alex Meraz
14%
Alicia Witt
14%
Andrew Bachelor
14%
Aneesh Sheth
14%
Angus Sampson
14%
Ann Mahoney
14%
Audrey Marie Anderson
14%
Avianna Mynhier
14%
Avi Nash
14%
Benedict Samuel
14%
Blaine Kern III
14%
Brad Fleischer
14%
Brandon Fobbs
14%
Branton Box
14%
Breeda Wool
14%
Brighton Sharbino
14%
Bryan McClure
14%
Burke Brown
14%
Cameron Roberts
14%
Charles Halford
14%
Chelle Ramos
14%
Chris Coy
14%
Christine Evangelista
14%
Christine Woods
14%
Christopher Berry
14%
Connor Hammond
14%
C. Thomas Howell
14%
Cullen Moss
14%
Dallas Roberts
14%
Daniel Bonjour
14%
Daniel Newman
14%
Deborah May
14%
Denise Crosby
14%
Dikran Tulaine
14%
Donzaleigh Abernathy
14%
Elizabeth Becka
14%
Erik Jensen
14%
Ethan Embry
14%
Eve Gordon
14%
Glenn Stanton
14%
Gonzalo Menendez
14%
Greg Perrow
14%
Havana Blum
14%
Ian Anthony Dale
14%
Jackson Pace
14%
Jacob Young
14%
James Devoti
14%
James Parks
14%
Jason Butler Harner
14%
Jayne Atkinson
14%
Jayson Warner Smith
14%
Jeananne Goossen
14%
Jeff Kober
14%
Jesse C. Boyd
14%
Jessejames Locorriere
14%
Jessica Pohly
14%
Jill Jane Clements
14%
John Finn
14%
Jon Eyez
14%
Jordan Woods-Robinson
14%
Jose Pablo Cantillo
14%
Juan Javier Cardenas
14%
Juliet Brett
14%
Julio Cesar Cedillo
14%
Justin Miles
14%
Karen Ceesay
14%
Kerry Cahill
14%
Kerry Condon
14%
Kevin Carroll
14%
Kyla Kenedy
14%
Kyle Gallner
14%
Lane Miller
14%
Laurie Fortier
14%
Lew Temple
14%
Lindsley Register
14%
Logan Miller
14%
Mahdi Cocci
14%
Major Dodson
14%
Margot Bingham
14%
Mark Sivertsen
14%
Matt Bushell
14%
Maximiliano Hernández
14%
Medina Senghore
14%
Melissa Ponzio
14%
Merritt Wever
14%
Meyrick Murphy
14%
Michael Biehn
14%
Michael Tourek
14%
Michael Weaver
14%
Michael Zegen
14%
Miles Mussenden
14%
Nadine Marissa
14%
Nicole Barré
14%
Noel Gugliemi
14%
Okea Eme-Akwari
14%
Olivia Stambouliah
14%
Pollyanna McIntosh
14%
Rich Ceraulo
14%
R. Keith Harris
14%
Robert Patrick
14%
Robin Lord Taylor
14%
Rod Rowland
14%
Rus Blackwell
14%
Sabrina Gennarino
14%
Steve Coulter
14%
Stuart Greer
14%
Sunkrish Bala
14%
Tate Ellington
14%
Teo Rapp-Olsson
14%
Thomas Francis Murphy
14%
Traci Dinwiddie
14%
Vincent Martella
14%
Whitmer Thomas
14%
Wynn Everett
14%
Alex Sgambati
0%
Anabelle Holloway
0%
Andrew Rothenberg
0%
Emma Bell
0%
No matching quizzes found
Score Distribution
Percent of People with Each Score
Percentile by Number Answered
Your Score History
You have not taken this quiz since the last reset